The automatic rope lubrication instrument design for suspended transport and lubrication coating thickness gauge

Bibliographic Details
Main Authors: Kacheladze, K. G. (Author), Jašvili, N. G. (Author)
Format: Article
Language:English
Subjects:

MARC

LEADER 00000nab a2200000 a 4500
001 vtls000472644
003 SK-MaSNL
005 20260319074208.0
008 120926c1990 xo 0 eng
015 |a SNBRA19rr/mm-uuuuu 
035 |a CL0472778 
040 |a SNKBUCL  |b slo  |c SNKBUCL  |e AACR2 
041 0 |a eng 
044 |a xo  |c SK 
080 |a 621.86.065-72:621.89  |2 1981 
080 |a 621.89  |2 1981 
100 1 |a Kacheladze, K. G.  |4 aut  |9 984300 
245 1 4 |a The automatic rope lubrication instrument design for suspended transport and lubrication coating thickness gauge  |c K. G. Kacheladze, N. G. Jašvili 
500 |a Súbežný text v ruš. 
650 0 7 |a závesné dopravné zariadenia  |2 SNK  |9 984301 
650 0 7 |a laná  |2 SNKPH  |9 303655 
650 0 7 |a mazanie  |2 SNKPH  |9 30925 
655 7 |a články zo zborníkov  |2 SNKPH  |9 166140 
700 1 |a Jašvili, N. G.  |4 aut  |9 984302 
773 0 |t INTERTRIBO '90  |d Bratislava : Dom techniky ČSVTS, 1990  |g S. 50 
850 |a Slovenská národná knižnica v Martine  |a MTA001 
852 |a SNK  |b KIS3GCP 
958 |a RK 
992 |a RZB 
999 |c 1579639  |d 1581569